Statystyki dla Puchar Świata w skokach narciarskich 2022/2023

Kliknij tutaj aby rozwiązać quiz!

Ogólne statystyki

  • Ten quiz został rozwiązany 146 razy
  • Średni wynik to 47 z 87

Statystyki odpowiedzi

MiejsceZawodnikKrajPunkty% Poprawnych
4.Dawid KubackiPolska1592
96%
6.Piotr ŻyłaPolska984
96%
14.Kamil StochPolska608
95%
1.Halvor Egner GranerudNorwegia2128
94%
5.Ryōyū KobayashiJaponia1065
92%
2.Stefan KraftAustria1790
92%
63.Junshirō KobayashiJaponia14
91%
3.Anže LanišekSłowenia1679
90%
18.Domen PrevcSłowenia449
86%
25.Peter PrevcSłowenia274
86%
11.Karl GeigerNiemcy736
85%
7.Andreas WellingerNiemcy902
82%
8.Timi ZajcSłowenia853
82%
32.Aleksander ZniszczołPolska181
81%
18.Daniel-André TandeNorwegia449
80%
31.Paweł WąsekPolska190
77%
13.Jan HörlAustria639
75%
47.Simon AmmannSzwajcaria38
75%
26.Gregor DeschwandenSzwajcaria270
74%
16.Johann André ForfangNorwegia574
74%
78.Maciej KotPolska4
74%
38.Antti AaltoFinlandia69
73%
15.Markus EisenbichlerNiemcy607
72%
33.Giovanni BresadolaWłochy170
71%
9.Daniel TschofenigAustria851
70%
21.Robert JohanssonNorwegia387
70%
63.Keiichi SatōJaponia14
69%
12.Michael HayböckAustria688
69%
54.Yukiya SatōJaponia21
69%
49.Artti AigroEstonia33
67%
68.Roman KoudelkaCzechy11
67%
10.Manuel FettnerAustria755
66%
78.Stefan HulaPolska4
66%
23.Constantin SchmidNiemcy280
63%
39.Vladimir ZografskiBułgaria63
63%
46.Alex InsamWłochy40
62%
60.Fatih Arda İpcioğluTurcja16
62%
37.Niko KytösahoFinlandia77
62%
17.Žiga JelarSłowenia498
62%
44.Jan HabdasPolska48
61%
20.Marius LindvikNorwegia393
60%
24.Naoki NakamuraJaponia275
60%
34.Pius PaschkeNiemcy168
60%
74.Killian PeierSzwajcaria6
58%
48.Mackenzie Boyd-ClowesKanada35
57%
22.Lovro KosSłowenia309
56%
28.Stephan LeyheNiemcy231
54%
50.Tomasz PilchPolska30
54%
54.Yevhen MarusiakUkraina21
53%
45.Dominik PeterSzwajcaria44
50%
27.Kristoffer Eriksen SundalNorwegia246
50%
30.Philipp RaimundNiemcy218
49%
29.Clemens AignerAustria227
45%
74.Decker DeanStany Zjednoczone6
45%
82.Daniel Andrei CacinaRumunia2
42%
57.Kacper JuroszekPolska18
42%
82.Taku TakeuchiJaponia2
42%
85.Kevin MaltsevEstonia1
40%
43.Ren NikaidōJaponia49
40%
58.Erik BelshawStany Zjednoczone17
38%
34.Philipp AschenwaldAustria168
38%
63.Remo ImhofSzwajcaria14
38%
62.Eetu NousiainenFinlandia15
36%
36.Bendik Jakobsen HeggliNorwegia85
35%
85.Radek RýdlCzechy1
34%
66.Casey LarsonStany Zjednoczone13
33%
76.Andrew UrlaubStany Zjednoczone5
31%
51.Žak MogelSłowenia29
30%
70.Felix HoffmannNiemcy10
29%
42.Rok MasleSłowenia51
28%
41.Clemens LeitnerAustria59
27%
78.Anders FannemelNorwegia4
26%
66.Vilho PalosaariFinlandia13
24%
58.Benjamin ØstvoldNorwegia17
23%
56.Joacim Ødegård BjørengNorwegia19
23%
40.Justin LissoNiemcy60
23%
53.Sondre RingenNorwegia24
21%
70.Fredrik VillumstadNorwegia10
19%
72.Markus MüllerAustria8
19%
60.Maximilian SteinerAustria16
19%
85.Ulrich WohlgenanntAustria1
19%
82.Danil VassilyevKazachstan2
18%
52.Jonas SchusterAustria26
14%
76.Matija VidicSłowenia5
14%
81.Maximilian OrtnerAustria3
14%
68.Maksim BartoljSłowenia11
13%
73.Markus RupitschAustria7
13%

Rozkład punktacji

Percentyl według liczby udzielonych odpowiedzi

Procent ludzi z każdym wynikiem

Twoja historia wyników

Nie rozwiązałeś tego quizu